000 00915nam a2200217Ia 4500
003 Ost
005 20260507075326.0
008 260507s9999||||xx |||||||||||||| ||und||
040 _cfsecg
041 _aara
082 _a330
100 _aبلالطة، مبارك
_eمؤلف
245 0 _aتمارين محلولة في الاقتصاد الوحدوي /
_c مبارك بلالطة
260 _aالاسكندرية:
_bمؤسسة الثقافة الجامعية,
_c2009
300 _a145 صفحة؛
_bإيضاحات ؛
_c25 سم
520 _aتمارين و حلول حول نظرية الطلب و نظرية العرض و التوازن ، نظرية المستهلك و نظرية المنتج ، نظرية التكاليف و التوازن في الأسواق
653 _aالاقتصاد
653 _aالإقتصاد الكلي
653 _aالإقتصاد- نظريات
942 _cكتاب
999 _c43969
_d43969